[Event "Mitropa Cup 30th"]
[Site "Merlimont"]
[Date "2011.10.14"]
[Round "7.8"]
[White "Schachinger, Mario"]
[Black "Horvath, Peter"]
[Result "1/2-1/2"]
[WhiteElo "2386"]
[BlackElo "2450"]
[PlyCount "85"]
[EventDate "2011.10.08"]
[EventType "team-tourn"]
[EventRounds "9"]
[EventCountry "FRA"]
[Source "ChessBase"]
[SourceDate "2011.10.28"]
[WhiteTeam "Austria"]
[BlackTeam "Hungary"]
[WhiteTeamCountry "AUT"]
[BlackTeamCountry "HUN"]

1. Nf3 d5 2. d4 Nf6 3. c4 e6 4. g3 dxc4 5. Bg2 b5 6. Ne5 Nd5 7. Nc3 Bb4 8. Bd2
Bxc3 9. bxc3 Bb7 10. e4 Nf6 11. Qb1 O-O 12. Nxc4 c5 13. dxc5 bxc4 14. Qxb7 Nbd7
15. Be3 Ng4 16. Bd4 e5 17. O-O exd4 18. cxd4 Qc8 19. Qxc8 Raxc8 20. Rac1 Nxc5
21. dxc5 Rxc5 22. Rc3 Ne5 23. Rfc1 Rfc8 24. Bf1 g5 25. f3 g4 26. f4 Nf3+ 27.
Kf2 Nd2 28. Ke3 Nxf1+ 29. Rxf1 Kg7 30. Rd1 Ra5 31. a3 Rc6 32. Rd5 Ra4 33. Rg5+
Rg6 34. Rxg6+ hxg6 35. Kd4 Kf6 36. Kd5 a6 37. Kd6 Ra5 38. e5+ Kg7 39. Rxc4 Rxa3
40. Rc7 Rb3 41. Rc6 a5 42. Ra6 Rb2 43. Rxa5 1/2-1/2

[Event "Mitropa Cup 30th"]
[Site "Merlimont"]
[Date "2011.10.14"]
[Round "7.6"]
[White "Kanovsky, David"]
[Black "Demuth, Adrien"]
[Result "1/2-1/2"]
[WhiteElo "2462"]
[BlackElo "2440"]
[PlyCount "99"]
[EventDate "2011.10.08"]
[EventType "team-tourn"]
[EventRounds "9"]
[EventCountry "FRA"]
[Source "ChessBase"]
[SourceDate "2011.10.28"]
[WhiteTeam "Czech Republic"]
[BlackTeam "France"]
[WhiteTeamCountry "CZE"]
[BlackTeamCountry "FRA"]

1. e4 e5 2. Nf3 Nc6 3. Bc4 Nf6 4. Ng5 d5 5. exd5 b5 6. Bf1 Nd4 7. c3 Nxd5 8.
cxd4 Qxg5 9. Nc3 exd4 10. Bxb5+ Bd7 11. Bxd7+ Kxd7 12. O-O Nb6 13. d3 Qf5 14.
Ne4 Qd5 15. Bf4 f5 16. Ng5 h6 17. Nf3 g5 18. Be5 Rg8 19. Bxd4 Bd6 20. Re1 Rae8
21. Qb3 Rxe1+ 22. Rxe1 Qxb3 23. axb3 Nd5 24. Ne5+ Bxe5 25. Rxe5 Nf4 26. g3 Nxd3
27. Rxf5 Rb8 28. Bc3 Ke7 29. Rd5 Nc1 30. b4 Na2 31. Rc5 Kd7 32. Be5 Nxb4 33.
Rxc7+ Ke6 34. f4 Rb5 35. Rxa7 Nd3 36. Bc3 gxf4 37. gxf4 Nxf4 38. Ra6+ Kf5 39.
Rxh6 Kg4 40. Rh8 Nd3 41. Rg8+ Kf3 42. Rg3+ Ke4 43. Rg2 Nf4 44. Rg4 Kf3 45. Rg3+
Ke4 46. Kf1 Rh5 47. h3 Rxh3 48. Rxh3 Nxh3 49. Bd2 Nf4 50. Bxf4 1/2-1/2

[Event "Mitropa Cup 30th"]
[Site "Merlimont"]
[Date "2011.10.14"]
[Round "7.7"]
[White "Collas, Didier"]
[Black "Krejci, Jan1"]
[Result "1/2-1/2"]
[WhiteElo "2403"]
[BlackElo "2489"]
[PlyCount "100"]
[EventDate "2011.10.08"]
[EventType "team-tourn"]
[EventRounds "9"]
[EventCountry "FRA"]
[Source "ChessBase"]
[SourceDate "2011.10.28"]
[WhiteTeam "France"]
[BlackTeam "Czech Republic"]
[WhiteTeamCountry "FRA"]
[BlackTeamCountry "CZE"]

1. Nf3 d5 2. d4 Nf6 3. c4 c6 4. cxd5 cxd5 5. Nc3 Nc6 6. Bf4 Bf5 7. e3 e6 8. Qb3
Bb4 9. Bb5 Qa5 10. O-O O-O 11. Rfc1 Rfc8 12. a3 Bxc3 13. Rxc3 Ne4 14. Rcc1 Qb6
15. Ne5 a6 16. Nxc6 Rxc6 17. Rxc6 bxc6 18. Ba4 Qxb3 19. Bxb3 g5 20. Bg3 Nxg3
21. hxg3 Rb8 22. Ba4 Rxb2 23. Bxc6 Kf8 24. Ba4 Bb1 25. Bd1 Bd3 26. g4 Ke7 27.
Bf3 Kd6 28. g3 f6 29. Bg2 Kc6 30. Bf1 Bc4 31. a4 Bxf1 32. Kxf1 Kb6 33. a5+ Kb5
34. Kg2 Rc2 35. Rh1 Rc7 36. Ra1 e5 37. dxe5 fxe5 38. Rd1 Rd7 39. f4 gxf4 40.
gxf4 exf4 41. exf4 Kxa5 42. Rb1 Ka4 43. Kf3 a5 44. f5 Ka3 45. Ke3 Ka2 46. Rb5
d4+ 47. Kd3 a4 48. g5 a3 49. f6 Ka1 50. Rb3 Ka2 1/2-1/2

[Event "Mitropa Cup 30th"]
[Site "Merlimont"]
[Date "2011.10.14"]
[Round "7.8"]
[White "Zilka, Stepan"]
[Black "Houriez, Clement"]
[Result "0-1"]
[WhiteElo "2517"]
[BlackElo "2331"]
[PlyCount "72"]
[EventDate "2011.10.08"]
[EventType "team-tourn"]
[EventRounds "9"]
[EventCountry "FRA"]
[Source "ChessBase"]
[SourceDate "2011.10.28"]
[WhiteTeam "Czech Republic"]
[BlackTeam "France"]
[WhiteTeamCountry "CZE"]
[BlackTeamCountry "FRA"]

1. d4 Nf6 2. c4 e6 3. Nc3 Bb4 4. e3 O-O 5. Bd3 d5 6. Nf3 c5 7. O-O Nc6 8. a3
Bxc3 9. bxc3 Qc7 10. cxd5 exd5 11. a4 Re8 12. Ba3 c4 13. Bc2 Qa5 14. Qc1 Ne4
15. Bxe4 Rxe4 16. Nd2 Re8 17. e4 Be6 18. Rb1 Qxa4 19. Rxb7 Qa6 20. Rb1 Na5 21.
Bc5 Nb3 22. Nxb3 cxb3 23. Rxb3 dxe4 24. Ra3 Qc4 25. Rxa7 Rxa7 26. Bxa7 Bd5 27.
Bc5 h6 28. Re1 Ra8 29. h3 Ra2 30. Bb4 g5 31. h4 f6 32. Qd1 Qc8 33. Qh5 Kg7 34.
hxg5 hxg5 35. Qh2 e3 36. fxe3 Qg4 0-1

[Event "Mitropa Cup 30th"]
[Site "Merlimont"]
[Date "2011.10.14"]
[Round "7.1"]
[White "Huschenbeth, Niclas"]
[Black "Gozzoli, Yannick"]
[Result "1-0"]
[WhiteElo "2510"]
[BlackElo "2522"]
[PlyCount "103"]
[EventDate "2011.10.08"]
[EventType "team-tourn"]
[EventRounds "9"]
[EventCountry "FRA"]
[Source "ChessBase"]
[SourceDate "2011.10.28"]
[WhiteTeam "Germany"]
[BlackTeam "France II"]
[WhiteTeamCountry "GER"]
[BlackTeamCountry "FRA"]

1. e4 c5 2. Nf3 Nc6 3. d4 cxd4 4. Nxd4 g6 5. c4 Nf6 6. Nc3 Nxd4 7. Qxd4 d6 8.
Be2 Bg7 9. Be3 O-O 10. Qd2 a5 11. O-O a4 12. Bd4 Qa5 13. Rad1 Be6 14. f4 Rfc8
15. b3 axb3 16. axb3 Re8 17. Qe3 Qb4 18. e5 Nd7 19. f5 gxf5 20. exd6 exd6 21.
Bxg7 Kxg7 22. Nb5 Rec8 23. Nxd6 Qc5 24. Qxc5 Rxc5 25. Nxb7 Re5 26. Rde1 Re3 27.
Bf3 Rxb3 28. Nc5 Nxc5 29. Bxa8 Bxc4 30. Rxf5 Ne6 31. h3 Nf8 32. Bd5 Bxd5 33.
Rxd5 Rb7 34. Kh2 Ng6 35. Red1 Nf8 36. R1d2 Re7 37. Rg5+ Ng6 38. Ra5 Re1 39. Rf2
Re7 40. Rfa2 Ne5 41. Ra7 Re6 42. Rf2 Re8 43. Rf5 Re6 44. g4 h6 45. Kg3 Re8 46.
Rf1 Rb8 47. Re7 Rb3+ 48. Kg2 Rb2+ 49. Kh1 Rb5 50. Rf5 Rb1+ 51. Kg2 Rb2+ 52. Kf1
1-0

[Event "Mitropa Cup 30th"]
[Site "Merlimont"]
[Date "2011.10.14"]
[Round "7.2"]
[White "Milliet, Sophie"]
[Black "Prusikin, Michael"]
[Result "0-1"]
[WhiteElo "2374"]
[BlackElo "2541"]
[PlyCount "112"]
[EventDate "2011.10.08"]
[EventType "team-tourn"]
[EventRounds "9"]
[EventCountry "FRA"]
[Source "ChessBase"]
[SourceDate "2011.10.28"]
[WhiteTeam "France II"]
[BlackTeam "Germany"]
[WhiteTeamCountry "FRA"]
[BlackTeamCountry "GER"]

1. e4 e6 2. d4 d5 3. e5 c5 4. c3 Nc6 5. Nf3 Bd7 6. Bd3 cxd4 7. cxd4 Qb6 8. O-O
Nxd4 9. Nbd2 Bc5 10. Nxd4 Bxd4 11. Nf3 Ne7 12. Nxd4 Qxd4 13. Re1 Nc6 14. Be3
Qxe5 15. Bc5 Qg5 16. Qb3 b6 17. Ba3 Nd4 18. Qb4 Nf3+ 19. Kh1 Nxe1 20. Rxe1 Rc8
21. f4 Qh4 22. g3 Qd8 23. Qd6 Rc5 24. f5 Qc7 25. Bxc5 Qxc5 26. Qb8+ Qc8 27. Qe5
f6 28. Qxd5 O-O 29. Qc4 Bc6+ 30. Kg1 Bd5 31. Qxc8 Rxc8 32. fxe6 Re8 33. e7 Kf7
34. h4 Rxe7 35. Rd1 Bxa2 36. Bxh7 g6 37. h5 gxh5 38. Kf2 Be6 39. Rd8 Bg4 40.
Bg8+ Kg7 41. Bc4 Rd7 42. Rg8+ Kh6 43. Ke3 Rg7 44. Rf8 Kg5 45. b4 Re7+ 46. Kd4
Be6 47. Bb5 Kg4 48. Be2+ Kxg3 49. Bxh5 f5 50. Ke5 Bf7+ 51. Kf6 Bxh5 52. Kxe7 f4
53. Rg8+ Bg4 54. Ra8 f3 55. Rxa7 f2 56. Ra1 b5 0-1

[Event "Mitropa Cup 30th"]
[Site "Merlimont"]
[Date "2011.10.14"]
[Round "7.3"]
[White "Heimann, Andreas"]
[Black "Collas, Silvia"]
[Result "1-0"]
[WhiteElo "2485"]
[BlackElo "2321"]
[PlyCount "112"]
[EventDate "2011.10.08"]
[EventType "team-tourn"]
[EventRounds "9"]
[EventCountry "FRA"]
[Source "ChessBase"]
[SourceDate "2011.10.28"]
[WhiteTeam "Germany"]
[BlackTeam "France II"]
[WhiteTeamCountry "GER"]
[BlackTeamCountry "FRA"]

1. d4 Nf6 2. c4 g6 3. Nc3 d5 4. Nf3 Bg7 5. Bf4 O-O 6. e3 c5 7. dxc5 Qa5 8. Rc1
dxc4 9. Bxc4 Nc6 10. O-O Qxc5 11. Bb3 Qa5 12. h3 Bf5 13. Qe2 e5 14. Bh2 Ne4 15.
Nxe4 Bxe4 16. Rfd1 Rad8 17. Qc4 Bxf3 18. gxf3 Rxd1+ 19. Rxd1 Qc7 20. Kg2 Qe7
21. Qe4 Kh8 22. f4 f5 23. Qc2 e4 24. a3 Rd8 25. Rxd8+ Qxd8 26. Bc4 a5 27. Bg3
Qf6 28. Qd1 h5 29. b3 h4 30. Bh2 Qe7 31. Qd5 Kh7 32. a4 Qc7 33. f3 exf3+ 34.
Qxf3 Ne7 35. Bg1 Nc8 36. Bf2 Nd6 37. Bd3 Bf6 38. Qd5 b6 39. Be1 Qb7 40. Qxb7+
Nxb7 41. b4 Bd8 42. e4 fxe4 43. Bxe4 Nd6 44. Bd3 axb4 45. Bxb4 Nf5 46. Kf3 Kg7
47. Ke4 Kf6 48. Kd5 Ng7 49. Kc6 Nh5 50. Bd2 Be7 51. Kxb6 Bd6 52. a5 Nxf4 53.
Bc4 Be5 54. Be3 Ne6 55. Bxe6 Kxe6 56. a6 Kd5 1-0

[Event "Mitropa Cup 30th"]
[Site "Merlimont"]
[Date "2011.10.14"]
[Round "7.4"]
[White "Delorme, Laurie"]
[Black "Bluebaum, Matthias"]
[Result "0-1"]
[WhiteElo "2223"]
[BlackElo "2388"]
[PlyCount "84"]
[EventDate "2011.10.08"]
[EventType "team-tourn"]
[EventRounds "9"]
[EventCountry "FRA"]
[Source "ChessBase"]
[SourceDate "2011.10.28"]
[WhiteTeam "France II"]
[BlackTeam "Germany"]
[WhiteTeamCountry "FRA"]
[BlackTeamCountry "GER"]

1. d4 d5 2. c4 c6 3. Nc3 dxc4 4. e3 b5 5. a4 b4 6. Ne4 Qd5 7. Ng3 Nf6 8. Be2 c3
9. bxc3 bxc3 10. Qc2 Qa5 11. Nf3 Ba6 12. O-O e6 13. e4 Bb4 14. Ba3 Bxe2 15.
Bxb4 Qxb4 16. Rfb1 Qc4 17. Nxe2 O-O 18. Ra3 Qa6 19. Rxc3 Rc8 20. Nf4 Nbd7 21.
Rc1 Nb6 22. Ra1 Nbd7 23. h3 h6 24. g4 Rab8 25. Ng2 Rb4 26. Ne3 c5 27. e5 Nd5
28. Nxd5 exd5 29. Nh4 g6 30. dxc5 d4 31. Rb3 Rxc5 32. Qxc5 Nxc5 33. Rxb4 Ne6
34. Rd1 Qe2 35. Rbb1 Qxe5 36. Re1 Qd5 37. Rb5 Qc6 38. Rbe5 Nf4 39. Re8+ Kg7 40.
Kh2 d3 41. Rb8 d2 42. Rd1 Qc7 0-1

[Event "Mitropa Cup 30th"]
[Site "Merlimont"]
[Date "2011.10.14"]
[Round "7.9"]
[White "Mazur, Stefan"]
[Black "Stephan, Victor"]
[Result "0-1"]
[WhiteElo "2372"]
[BlackElo "2302"]
[PlyCount "120"]
[EventDate "2011.10.08"]
[EventType "team-tourn"]
[EventRounds "9"]
[EventCountry "FRA"]
[Source "ChessBase"]
[SourceDate "2011.10.28"]
[WhiteTeam "Slovakia"]
[BlackTeam "France III"]
[WhiteTeamCountry "SVK"]
[BlackTeamCountry "FRA"]

1. e4 c5 2. Nf3 d6 3. d4 cxd4 4. Nxd4 Nf6 5. Nc3 a6 6. f4 e6 7. Bd3 Qc7 8. a4
b6 9. O-O Nbd7 10. Nf3 Bb7 11. Qe2 g6 12. e5 Ng4 13. Ng5 Nh6 14. f5 gxf5 15.
exd6 Qxd6 16. Bf4 Qc6 17. Rad1 Bd6 18. Bxd6 Qxd6 19. Bc4 Qe7 20. h4 Rg8 21.
Rfe1 Rg6 22. Bd5 Qc5+ 23. Qe3 Qxe3+ 24. Rxe3 Bxd5 25. Nxd5 Rc8 26. Nf4 Ng4 27.
Red3 Nge5 28. Nxg6 Nxd3 29. Rxd3 hxg6 30. c3 Ne5 31. Rd4 Rc4 32. Rd6 Rxh4 33.
Rxb6 Rxa4 34. Kf2 Ke7 35. Rb7+ Kf6 36. Nh7+ Kg7 37. Ng5 Kh6 38. Nxf7+ Nxf7 39.
Rxf7 Kg5 40. Re7 Kf6 41. Rb7 e5 42. Rb6+ Kg5 43. g3 Ra1 44. Re6 e4 45. Ke3 Rg1
46. Kf2 Rb1 47. b4 Rb3 48. Rc6 Kh5 49. Ke3 g5 50. Kd4 Ra3 51. Rf6 Kg4 52. Rf8
e3 53. Kd3 f4 54. gxf4 gxf4 55. Ra8 Kf3 56. b5 e2 57. Re8 axb5 58. Re7 Ra1 59.
Rxe2 Rd1+ 60. Rd2 Rxd2+ 0-1

[Event "Mitropa Cup 30th"]
[Site "Merlimont"]
[Date "2011.10.14"]
[Round "7.9"]
[White "Michalik, Peter"]
[Black "Tripoteau, Nicolas"]
[Result "0-1"]
[WhiteElo "2511"]
[BlackElo "2397"]
[PlyCount "108"]
[EventDate "2011.10.08"]
[EventType "team-tourn"]
[EventRounds "9"]
[EventCountry "FRA"]
[Source "ChessBase"]
[SourceDate "2011.10.28"]
[WhiteTeam "Slovakia"]
[BlackTeam "France III"]
[WhiteTeamCountry "SVK"]
[BlackTeamCountry "FRA"]

1. d4 Nf6 2. c4 c5 3. d5 d6 4. Nc3 g6 5. e4 Bg7 6. Be2 O-O 7. Nf3 e6 8. O-O Re8
9. Nd2 Na6 10. Re1 Nc7 11. h3 e5 12. a3 Rf8 13. b4 b6 14. bxc5 bxc5 15. Nb3 a5
16. a4 Na6 17. Be3 Rb8 18. Rb1 Bd7 19. Bf3 Rb4 20. Nb5 Qb6 21. Qc2 Rc8 22. Ra1
Ne8 23. Nc1 f5 24. Nd3 f4 25. Bd2 h5 26. h4 Bg4 27. Bxg4 hxg4 28. g3 f3 29. Be3
Nf6 30. Nxb4 Nxb4 31. Qb1 Kf7 32. Na3 Qa6 33. Rc1 Rh8 34. Nb5 Qb6 35. Kf1 Bh6
36. Bxh6 Rxh6 37. Ke1 Qd8 38. Kd2 Rh5 39. Re1 g5 40. hxg5 Nh7 41. Rh1 Rh3 42.
Qb3 Nxg5 43. Qe3 Kg6 44. Rab1 Qe7 45. Rhf1 Rh7 46. Rfe1 Rh6 47. Rxb4 axb4 48.
a5 Qd8 49. Ra1 Rh2 50. Kd3 Nh3 51. Ra2 b3 52. Rb2 Qxa5 53. Nxd6 Nxf2+ 54. Rxf2
b2 0-1

[Event "Mitropa Cup 30th"]
[Site "Merlimont"]
[Date "2011.10.14"]
[Round "7.10"]
[White "Barbot, Pierre"]
[Black "Petenyi, Tamas"]
[Result "1/2-1/2"]
[WhiteElo "2225"]
[BlackElo "2347"]
[PlyCount "72"]
[EventDate "2011.10.08"]
[EventType "team-tourn"]
[EventRounds "9"]
[EventCountry "FRA"]
[Source "ChessBase"]
[SourceDate "2011.10.28"]
[WhiteTeam "France III"]
[BlackTeam "Slovakia"]
[WhiteTeamCountry "FRA"]
[BlackTeamCountry "SVK"]

1. e4 e5 2. d4 exd4 3. Nf3 Nc6 4. Nxd4 Bc5 5. Nb3 Bb6 6. Nc3 Nf6 7. Qe2 d6 8.
Bg5 h6 9. Be3 Qe7 10. O-O-O Be6 11. f3 O-O-O 12. Bxb6 axb6 13. Qf2 d5 14. exd5
Nxd5 15. Nxd5 Bxd5 16. Bd3 Nb4 17. Bf5+ Kb8 18. Kb1 Qf6 19. Bh3 Bxb3 20. axb3
Qg5 21. c3 Nd3 22. Qc2 Nf4 23. Rxd8+ Rxd8 24. Rd1 Rxd1+ 25. Qxd1 Nxh3 26. gxh3
Qf5+ 27. Ka2 Qa5+ 28. Kb1 Qf5+ 29. Ka2 Qxh3 30. Qd8+ Ka7 31. Qf8 Qh5 32. Qxg7
Qa5+ 33. Kb1 Qf5+ 34. Ka2 Qa5+ 35. Kb1 Qf5+ 36. Ka2 Qa5+ 1/2-1/2

[Event "Mitropa Cup 30th"]
[Site "Merlimont"]
[Date "2011.10.14"]
[Round "7.10"]
[White "Delorme, Alban"]
[Black "Pacher, Milan"]
[Result "1-0"]
[WhiteElo "2306"]
[BlackElo "2403"]
[PlyCount "65"]
[EventDate "2011.10.08"]
[EventType "team-tourn"]
[EventRounds "9"]
[EventCountry "FRA"]
[Source "ChessBase"]
[SourceDate "2011.10.28"]
[WhiteTeam "France III"]
[BlackTeam "Slovakia"]
[WhiteTeamCountry "FRA"]
[BlackTeamCountry "SVK"]

1. e4 c5 2. Nf3 Nc6 3. d4 cxd4 4. Nxd4 Nf6 5. Nc3 e5 6. Ndb5 d6 7. Bg5 a6 8.
Na3 b5 9. Bxf6 gxf6 10. Nd5 f5 11. c3 Bg7 12. Bd3 Be6 13. Nxb5 axb5 14. Bxb5
Bd7 15. exf5 O-O 16. Qg4 Kh8 17. Qe4 f6 18. O-O Rb8 19. a4 Ne7 20. Nxe7 Qxe7
21. c4 d5 22. Qxd5 Bxf5 23. a5 Rfd8 24. Qf3 Bd7 25. a6 Bxb5 26. cxb5 Qc5 27. a7
Ra8 28. Qb7 Bf8 29. b6 Qb5 30. Rfd1 Qxb2 31. Rdb1 Qd4 32. Qxa8 Rxa8 33. b7 1-0

[Event "Mitropa Cup 30th"]
[Site "Merlimont"]
[Date "2011.10.15"]
[Round "8.1"]
[White "Shengelia, Davit"]
[Black "Brunner, Nicolas"]
[Result "1/2-1/2"]
[WhiteElo "2526"]
[BlackElo "2466"]
[PlyCount "81"]
[EventDate "2011.10.08"]
[EventType "team-tourn"]
[EventRounds "9"]
[EventCountry "FRA"]
[Source "ChessBase"]
[SourceDate "2011.10.28"]
[WhiteTeam "Austria"]
[BlackTeam "France"]
[WhiteTeamCountry "AUT"]
[BlackTeamCountry "FRA"]

1. d4 Nf6 2. Nf3 e6 3. c4 b6 4. a3 Ba6 5. Qc2 Bb7 6. Nc3 c5 7. e4 cxd4 8. Nxd4
Nc6 9. Nxc6 Bxc6 10. Bf4 Bc5 11. Be2 O-O 12. Rd1 a5 13. O-O Qe7 14. e5 Ne8 15.
Ne4 f6 16. exf6 gxf6 17. Nxc5 bxc5 18. Qc3 e5 19. Bh6 Ng7 20. Rfe1 Rfe8 21.
Bxg7 Qxg7 22. Qh3 Kh8 23. Bf3 e4 24. Bg4 Re7 25. Re3 Qf7 26. Qh4 Rf8 27. Be2 f5
28. Qf4 Qf6 29. Rd2 Qe5 30. Qxe5+ Rxe5 31. f4 Ree8 32. Kf2 Rb8 33. Ke1 Rf6 34.
Bd1 Rh6 35. h3 Rf6 36. b3 Rg8 37. Kf2 Rb8 38. Rg3 Rg6 39. Re3 Rf6 40. Re1 Rg8
41. Re3 1/2-1/2

[Event "Mitropa Cup 30th"]
[Site "Merlimont"]
[Date "2011.10.15"]
[Round "8.3"]
[White "Diermair, Andreas"]
[Black "Collas, Didier"]
[Result "1-0"]
[WhiteElo "2414"]
[BlackElo "2403"]
[PlyCount "91"]
[EventDate "2011.10.08"]
[EventType "team-tourn"]
[EventRounds "9"]
[EventCountry "FRA"]
[Source "ChessBase"]
[SourceDate "2011.10.28"]
[WhiteTeam "Austria"]
[BlackTeam "France"]
[WhiteTeamCountry "AUT"]
[BlackTeamCountry "FRA"]

1. d4 d5 2. c4 e6 3. Nf3 Nf6 4. Nc3 Be7 5. Bg5 h6 6. Bh4 O-O 7. e3 Ne4 8. Bxe7
Qxe7 9. Rc1 Nxc3 10. Rxc3 c6 11. g4 Nd7 12. h4 dxc4 13. g5 b5 14. gxh6 gxh6 15.
Rg1+ Kh8 16. Ne5 Nxe5 17. dxe5 f5 18. Qh5 Bd7 19. e4 Rf7 20. Rcg3 Rh7 21. Qg6
Qf7 22. Qf6+ Qxf6 23. exf6 fxe4 24. Bg2 Rf7 25. Bxe4 Raf8 26. Rg7 Be8 27. Bg6
a5 28. Bxf7 Bxf7 29. Ke2 e5 30. Ke3 c3 31. bxc3 Bxa2 32. R1g6 Rxf6 33. Rxf6
Kxg7 34. Rxc6 a4 35. Ke4 Bc4 36. Ra6 h5 37. Kxe5 Kf7 38. Ra7+ Kg6 39. f4 Bb3
40. f5+ Kh6 41. Kf6 Bc4 42. Ke7 Kg7 43. f6+ Kg6 44. Ra6 Bf7 45. Ra5 Bc4 46.
Rxb5 1-0

[Event "Mitropa Cup 30th"]
[Site "Merlimont"]
[Date "2011.10.15"]
[Round "8.4"]
[White "Houriez, Clement"]
[Black "Schachinger, Mario"]
[Result "0-1"]
[WhiteElo "2331"]
[BlackElo "2386"]
[PlyCount "80"]
[EventDate "2011.10.08"]
[EventType "team-tourn"]
[EventRounds "9"]
[EventCountry "FRA"]
[Source "ChessBase"]
[SourceDate "2011.10.28"]
[WhiteTeam "France"]
[BlackTeam "Austria"]
[WhiteTeamCountry "FRA"]
[BlackTeamCountry "AUT"]

1. d4 d5 2. c4 c6 3. Nf3 Nf6 4. e3 e6 5. b3 Nbd7 6. Bd3 b6 7. O-O Bb7 8. Bb2
Be7 9. Nc3 O-O 10. Qc2 Rc8 11. Ne5 c5 12. cxd5 cxd4 13. exd4 Bxd5 14. Qe2 Bb7
15. Rad1 Bb4 16. Nb1 Nd5 17. f4 N7f6 18. f5 exf5 19. Bxf5 Rc7 20. Rf2 Re8 21.
Bd3 Bd6 22. a3 a6 23. Kh1 b5 24. Rdf1 Bc8 25. h3 Bb7 26. Nd2 Nc3 27. Bxc3 Rxc3
28. Rxf6 gxf6 29. Qg4+ Kf8 30. Nd7+ Ke7 31. Re1+ Be5 32. dxe5 Qxd7 33. exf6+
Kd8 34. Rxe8+ Qxe8 35. Qd4+ Qd7 36. Qxd7+ Kxd7 37. Bf5+ Kd6 38. Be4 Rc1+ 39.
Kh2 Bxe4 40. Nxe4+ Ke5 0-1

[Event "Mitropa Cup 30th"]
[Site "Merlimont"]
[Date "2011.10.15"]
[Round "8.5"]
[White "Petr, Martin"]
[Black "Huschenbeth, Niclas"]
[Result "1/2-1/2"]
[WhiteElo "2526"]
[BlackElo "2510"]
[PlyCount "127"]
[EventDate "2011.10.08"]
[EventType "team-tourn"]
[EventRounds "9"]
[EventCountry "FRA"]
[Source "ChessBase"]
[SourceDate "2011.10.28"]
[WhiteTeam "Czech Republic"]
[BlackTeam "Germany"]
[WhiteTeamCountry "CZE"]
[BlackTeamCountry "GER"]

1. e4 c5 2. Nf3 d6 3. d4 cxd4 4. Nxd4 Nf6 5. Nc3 a6 6. Be3 e6 7. f3 b5 8. Qd2
Nbd7 9. g4 h6 10. O-O-O Bb7 11. h4 Nb6 12. Bd3 Nfd7 13. Qf2 Rc8 14. Nce2 Nc5
15. Kb1 Nxd3 16. cxd3 Nd7 17. f4 Nc5 18. Ng3 Be7 19. Nf3 b4 20. Bd4 Qa5 21. Qe3
d5 22. e5 b3 23. a3 Na4 24. Rc1 Kd7 25. Rxc8 Rxc8 26. Rc1 Rxc1+ 27. Qxc1 Qb5
28. Qd2 Nc5 29. Bxc5 Qxc5 30. d4 Qc4 31. Ne2 a5 32. Nc1 Ba6 33. g5 a4 34. Ne1
h5 35. Qf2 g6 36. Ncd3 Ke8 37. f5 exf5 38. Nf4 Bc8 39. Nf3 Be6 40. Qe2 Qc6 41.
Qd3 Kf8 42. Ng1 Bc8 43. Nge2 Ba6 44. Qc3 Bc4 45. Ng1 Bd8 46. Nf3 Ba5 47. Qc1
Qa6 48. Qd1 Bc7 49. Qd2 Kg7 50. Qe3 Qc6 51. Qc1 Ba5 52. Ka1 Bc7 53. Qe1 Bb5 54.
Qc3 Bc4 55. Nd2 Qb5 56. Nf3 Qc6 57. Qc1 Qa6 58. Nd2 Qc6 59. Nb1 Bb6 60. Qe3 Bc7
61. Nc3 Bb8 62. Qe1 Kf8 63. Qe3 Kg7 64. Qe1 1/2-1/2

[Event "Mitropa Cup 30th"]
[Site "Merlimont"]
[Date "2011.10.15"]
[Round "8.8"]
[White "Bluebaum, Matthias"]
[Black "Bures, Jaroslav"]
[Result "1/2-1/2"]
[WhiteElo "2388"]
[BlackElo "2415"]
[PlyCount "54"]
[EventDate "2011.10.08"]
[EventType "team-tourn"]
[EventRounds "9"]
[EventCountry "FRA"]
[Source "ChessBase"]
[SourceDate "2011.10.28"]
[WhiteTeam "Germany"]
[BlackTeam "Czech Republic"]
[WhiteTeamCountry "GER"]
[BlackTeamCountry "CZE"]

1. d4 Nf6 2. c4 e6 3. g3 c5 4. d5 exd5 5. cxd5 b5 6. e4 Nxe4 7. Qe2 Qe7 8. Bg2
Nd6 9. Be3 Na6 10. Nc3 b4 11. Na4 Bb7 12. Nf3 g6 13. O-O Bg7 14. Rfe1 O-O 15.
Qf1 Ne4 16. Bf4 f5 17. Ng5 Bd4 18. Nxe4 fxe4 19. Bxe4 Rxf4 20. gxf4 Qd6 21. Qg2
Kh8 22. Rad1 Nc7 23. Qg5 Rf8 24. Rxd4 cxd4 25. Qe5+ Qxe5 26. fxe5 Bxd5 27. Nc5
Rf7 1/2-1/2

[Event "Mitropa Cup 30th"]
[Site "Merlimont"]
[Date "2011.10.15"]
[Round "8.3"]
[White "Shytaj, Luca"]
[Black "Delorme, Laurie"]
[Result "1/2-1/2"]
[WhiteElo "2507"]
[BlackElo "2223"]
[PlyCount "116"]
[EventDate "2011.10.08"]
[EventType "team-tourn"]
[EventRounds "9"]
[EventCountry "FRA"]
[Source "ChessBase"]
[SourceDate "2011.10.28"]
[WhiteTeam "Italy"]
[BlackTeam "France II"]
[WhiteTeamCountry "ITA"]
[BlackTeamCountry "FRA"]

1. e4 e5 2. Nf3 Nc6 3. Bb5 a6 4. Ba4 Nf6 5. d3 b5 6. Bb3 Be7 7. O-O O-O 8. Re1
d6 9. c3 Na5 10. Bc2 c5 11. Nbd2 Qc7 12. Nf1 Be6 13. Bg5 h6 14. Bxf6 Bxf6 15.
Ne3 g6 16. a3 Bg7 17. b4 Nc6 18. Bb3 Bxb3 19. Qxb3 Nd8 20. a4 Rb8 21. axb5 axb5
22. Ra6 Ne6 23. Rea1 Nf4 24. g3 Qd7 25. Qd1 Ne6 26. Qb3 Nf4 27. Nh4 Nh3+ 28.
Kg2 Ng5 29. Qd5 Kh7 30. Rxd6 Qh3+ 31. Kh1 cxb4 32. cxb4 Ne6 33. Rd7 Nf4 34. Qd6
Ra8 35. Rg1 Ne2 36. Re1 Ra2 37. Neg2 Nd4 38. Rd8 Rxd8 39. Qxd8 g5 40. Rf1 gxh4
41. Qxh4 Qxh4 42. Nxh4 Rb2 43. Kg2 Bf6 44. Nf3 Nxf3 45. Kxf3 Rxb4 46. Rc1 Rd4
47. Rc6 Kg7 48. Ke3 Bd8 49. f4 f6 50. h4 b4 51. fxe5 fxe5 52. Rc5 Bb6 53. Rb5
Rd6+ 54. Ke2 Rf6 55. Rxe5 b3 56. Rb5 b2 57. d4 Bxd4 58. Kd3 Rb6 1/2-1/2

[Event "Mitropa Cup 30th"]
[Site "Merlimont"]
[Date "2011.10.15"]
[Round "8.7"]
[White "Stephan, Victor"]
[Black "Nagy, Gabor"]
[Result "1/2-1/2"]
[WhiteElo "2302"]
[BlackElo "2404"]
[PlyCount "54"]
[EventDate "2011.10.08"]
[EventType "team-tourn"]
[EventRounds "9"]
[EventCountry "FRA"]
[Source "ChessBase"]
[SourceDate "2011.10.28"]
[WhiteTeam "France III"]
[BlackTeam "Hungary"]
[WhiteTeamCountry "FRA"]
[BlackTeamCountry "HUN"]

1. d4 Nf6 2. c4 e6 3. Nc3 Bb4 4. Qc2 d5 5. a3 Bxc3+ 6. Qxc3 Ne4 7. Qc2 c5 8.
dxc5 Nc6 9. cxd5 exd5 10. Nf3 Bf5 11. b4 O-O 12. Bb2 b6 13. b5 bxc5 14. bxc6
Qa5+ 15. Nd2 d4 16. g4 Bg6 17. Bg2 Nxf2 18. Qc1 Nxh1 19. Bxh1 Rfe8 20. Bf3 Rab8
21. Kf2 Qc7 22. Kg2 Re3 23. Qxc5 Rxb2 24. Qxd4 Rxf3 25. Nxf3 Rxe2+ 26. Kf1 Re8
27. Qd7 Rc8 1/2-1/2

[Event "Mitropa Cup 30th"]
[Site "Merlimont"]
[Date "2011.10.15"]
[Round "8.8"]
[White "Horvath, Peter"]
[Black "Barbot, Pierre"]
[Result "1-0"]
[WhiteElo "2450"]
[BlackElo "2225"]
[PlyCount "77"]
[EventDate "2011.10.08"]
[EventType "team-tourn"]
[EventRounds "9"]
[EventCountry "FRA"]
[Source "ChessBase"]
[SourceDate "2011.10.28"]
[WhiteTeam "Hungary"]
[BlackTeam "France III"]
[WhiteTeamCountry "HUN"]
[BlackTeamCountry "FRA"]

1. d4 Nf6 2. c4 g6 3. Nc3 d5 4. cxd5 Nxd5 5. Bd2 Bg7 6. e4 Nb6 7. Be3 O-O 8. f4
Nc6 9. d5 Na5 10. Bd4 e5 11. Bxe5 Bxe5 12. fxe5 Re8 13. Nf3 Bg4 14. b3 Rxe5 15.
Qd4 Re8 16. O-O-O Nd7 17. h3 Bxf3 18. gxf3 b6 19. f4 Qh4 20. e5 Rad8 21. Kb2 f6
22. e6 Nf8 23. Qe3 f5 24. Ba6 Rb8 25. Rhe1 Qe7 26. Qd4 Nb7 27. Bxb7 Rxb7 28.
Qc4 Rbb8 29. Nb5 Rb7 30. Kb1 a6 31. Qc6 Reb8 32. Nd4 h5 33. Re5 b5 34. Rg1 Kh7
35. Qc2 Re8 36. Rxf5 gxf5 37. Nxf5 Qd8 38. Nd6+ Kh6 39. Nf7# 1-0